| 000 | 00995nam a22002417a 4500 | ||
|---|---|---|---|
| 999 |
_c8702 _d8702 |
||
| 003 | AR-CdUCM | ||
| 008 | 190325b ||||| |||| 00| 0 spa d | ||
| 020 | _a9972615324 | ||
| 040 |
_aMUNICIPALIDAD PROVINCIAL DEL CUSCO _cBIBLIOTECA MUNICIPAL DEL CUSCO |
||
| 082 |
_a375.0098 / _bF43 |
||
| 100 |
_aFerrer, Guillermo _924302 |
||
| 245 | _aLas reformas curriculares de Perú, Colombia, Chile y Argentina / | ||
| 260 |
_aLima : _bGrade, _c2004. |
||
| 300 |
_a233 páginas ; _c21 cm. |
||
| 440 |
_aDocumento de trabajo _924303 |
||
| 505 | _aReformas curriculares en el contexto de las políticas educativas -- La deuda con la calidad y la equidad, del modelo burocrático a una política curricular responsabilizada por el logro de aprendizaje -- Un modelo de análisis de las políticas curriculares... | ||
| 650 |
_aAmérica Latina. _91130 |
||
| 650 |
_aProgramas curriculares. _924304 |
||
| 650 |
_aEducación. _9460 |
||
| 650 |
_aCurricula. _924305 |
||
| 942 |
_2ddc _cLIBROS |
||
| 945 | _awfj | ||